| 000 | 00831nam a22001937a 4500 | ||
|---|---|---|---|
| 005 | 20201124141950.0 | ||
| 008 | 111114s1972 ua|||||r|||| 00| 0 ara d | ||
| 082 |
_222 _a189.092 _bغ ر ب |
||
| 100 |
_927734 _aغرابه، حموده |
||
| 245 | 1 | 0 |
_aابن سينا بين الدين و الفلسفة / _cحموده غرابة. |
| 260 |
_aالقاهرة : _bدار القاهرة الحديثة للطباعة، _c1972. |
||
| 300 |
_a216 ص. ؛ _c24 سم. |
||
| 490 |
_927735 _aمشكلة الفكر و العقيدة |
||
| 504 | _6يشتمل على إرجاعات ببليوجرافية. | ||
| 600 |
_914925 _aابن سينا ، _d 370-428 هـ _qأبو علي الحسين بن عبد الله بن الحسن بن علي |
||
| 650 |
_921275 _aالطب العربي |
||
| 653 |
_bAra _cNovember2011 |
||
| 942 |
_2ddc _cBB |
||
| 999 |
_c16202 _d16202 |
||